000 00634nam a2200193Ia 4500
003 IN-BaIIA
008 211028s9999 xx 000 0 eng d
020 _a90-277-1228-X
040 _cIIA Library
080 _a082.2:52
_bIAU-S90
245 0 _ainfrared astronomy
_cedited by C. G.Wynn-Williams and D. P. Cruikshank
260 _aDordrecht
_bD. Reidel Publishing
_c1980
300 _axiii, 376p.
650 _aAstronomy and Astrophysics thesaurus
650 _ainfrared astronomy
_95673
700 _aCruikshank, D. P., ed.
_911486
700 _aWynn-Williams, C. G., ed.
_911487
942 _cBK
999 _c6706
_d6706